MARC

LEADER 00000nam0a2200000 4500
001 250390
005 20231101232546.0
010 |a 5343003893 
035 |a (RuTPU)RU\TPU\book\272590 
090 |a 250390 
100 |a 20140213d1989 m y0rusy50 ca 
101 0 |a rus 
102 |a BY 
105 |a y z 001zy 
200 1 |a Кватернионы в релятивистской физике  |f А. В. Березин, Ю. А. Курочкин, Е. А. Толкачев  |g Академия наук Белорусской ССР (АН БССР), Институт физики (ИФ) 
210 |a Минск  |c Наука и техника  |d 1989 
215 |a 198 с.  |c ил. 
320 |a Библиогр.: с. 191-196. 
606 1 |a Релятивистская физика  |2 stltpush  |3 (RuTPU)RU\TPU\subj\52451  |9 70884 
610 1 |a кватернионы 
610 1 |a математические сведения 
610 1 |a пространства постоянной кривизны 
610 1 |a кинематика 
610 1 |a твердые тела 
610 1 |a классическая электродинамика 
610 1 |a квантовая механика 
610 1 |a калибровочные теории 
610 1 |a квантовая электродинамика 
610 1 |a уравнение Дирака 
610 1 |a уравнения Янга-Миллса 
610 1 |a бикватернионы 
675 |a 530.12  |v 3 
700 1 |a Березин  |b А. В.  |g Алексанрд Васильевич 
701 1 |a Курочкин  |b Ю. А.  |g Юрий Андреевич 
701 1 |a Толкачев  |b Е. А.  |g Евгений Аркадьевич 
712 0 2 |a Академия наук Белорусской ССР (АН БССР)  |b Институт физики (ИФ)  |2 stltpush  |3 (RuTPU)RU\TPU\col\3042 
801 1 |a RU  |b 63413507  |c 20140213 
801 2 |a RU  |b 63413507  |c 20151224  |g RCR 
942 |c BK